Compendio de psicología / (Record no. 15511)

000 -CABECERA
fixed length control field 00949nam a22002297a 4500
003 - IDENTIFICADOR DEL NÚMERO DE CONTROL
control field AR-CdUCM
008 - DATOS DE LONGITUD FIJA--INFORMACIÓN GENERAL
fixed length control field 190429b ||||| |||| 00| 0 spa d
040 ## - FUENTE DE LA CATALOGACIÓN
Agencia/entidad que catalogó originalmente la obra MUNICIPALIDAD PROVINCIAL DEL CUSCO
Entidad que transcribió la catalogación BIBLIOTECA MUNICIPAL DEL CUSCO
082 ## - NÚMERO DE LA CLASIFICACIÓN DECIMAL DEWEY
No. de Clasificación 150 /
Notacion interna W96 / 1909
100 ## - ENTRADA PRINCIPAL--NOMBRE DE PERSONA
Nombre Personal Wundt, Guillermo
245 ## - MENCIÓN DE TÍTULO
Título Compendio de psicología /
260 ## - PUBLICACIÓN, DISTRIBUCIÓN, ETC.
Lugar de publicación, distribución, etc. Madrid :
Nombre de la editorial, distribuidor, etc. La España Moderna,
Fecha de publicación, distribución, etc. [1909].
300 ## - DESCRIPCIÓN FÍSICA
Nº de Páginas Extensión 455 páginas ;
Dimensiones 22 cm.
440 ## - MENCIÓN DE SERIE/PUNTO DE ACCESO ADICIONAL--TÍTULO
Título Biblioteca de jurisprudencia, filosofía e historia ;
9 (RLIN) 28511
505 ## - NOTA DE CONTENIDO CON FORMATO
Nota de contenido formateada Contenido: Objeto de la psicología -- Direcciones generales de la psicología -- Elementos psíquicos -- Formaciones psíquicas -- Conexiones de las formaciones psíquicas -- Causalidad psíquica y sus leyes.
650 ## - PUNTO DE ACCESO ADICIONAL DE MATERIA--TÉRMINO DE MATERIA
Descriptor Psicología general
9 (RLIN) 34609
650 ## - PUNTO DE ACCESO ADICIONAL DE MATERIA--TÉRMINO DE MATERIA
Descriptor Estudio y enseñanza
9 (RLIN) 2610
700 ## - PUNTO DE ACCESO ADICIONAL--NOMBRE DE PERSONA
Nombre Personal Gonzalez Alonso, J. (traducción)
9 (RLIN) 34610
942 ## - ELEMENTOS DE PUNTO DE ACCESO ADICIONAL (KOHA)
Fuente de clasificación
Tipo de item Libros-BMC
945 ## - PROCESAMIENTO DE INFORMACIÓN LOCAL (OCLC)
Catalogador acv
AAAA-MM-DD - Fecha de ingreso o modificacion 2019-04-29
Holdings
Estado de retiro (separado) Fuente de clasificación o esquema de estanterías Estado dañado Ubicación Sala donde se ubica Nombre de la colección Fecha de adquisición o compra Costo, precio normal en soles Signatura topográfica Código de Barras Última vez visto (Koha) Tipo de ítem (Koha)
No     Sala Cusco Antiguo Sala Cusco Antiguo Book Cart 2019-04-29 30.00 150 / W96 / 1909 SCA0003518 2019-04-29 Libros-BMC

Powered by Koha